000 00984nam a2200241 i 4500
001 134126
003 ES-MaACL
005 20230907193629.0
007 t|
008 070905s1957 sp ||||1| spa d
080 _a616.8-07
100 1 _aWartenberg, Robert.
_9116137
245 1 0 _aManual del exámen clínico para el diagnóstico neurológico
_b: para el neurólogo y médico práctico /
_cpor Robert Warterberg... ; prologos de Sir Gordon Holmes... y de Stanley Truman... ; traducción Dres. Luis Barraquer Ferré y Emilio Castañer Vendrell.
260 _aBarcelona :
_bModesto Usón,
_c[1957]
300 _a248 p. :
_bil. ;
_c22 cm.
650 1 4 _aSistema nervioso-
_xDiagnóstico de enfermedades.
_917134
700 1 _aTruman, Stanley.
_9111590
700 1 _aHolmes, Gordon.
_964055
700 1 _aBarraquer Ferré, Luis,
_d1887-1959
_925856
700 1 _aCastañer Vendrell, Emilio.
_936420
852 _aES-MaACL
_jC-14363
_bR.42269
999 _c134126
_d134126